00466 2200169 4500001002100000008004100021035002000062245006100082100002200143260003400165300002100199020002200220084001400242082000800256650001800264990001400282INLIS000000000000690 ind  a0010-1125000002 aNevermoorbThe Trials of Morrigan CrowcJessica Townsend aTownsend, Jessica aJakarta :bNoura Books,c2017 a464 hlm.c22 cm. a978-602-385-357-1 a823 TOW t a823 aFiksi Inggris a000001270